Places To Study
There are group study rooms, individual study carrels, computer labs, and other spaces to study in the Libraries.
Reserve A Group Room| 000 -LEADER | |
|---|---|
| fixed length control field | 00728nam a22001697a 4500 |
| 003 - CONTROL NUMBER IDENTIFIER | |
| control field | OSt |
| 005 - DATE AND TIME OF LATEST TRANSACTION | |
| control field | 20251201165331.0 |
| 008 - FIXED-LENGTH DATA ELEMENTS--GENERAL INFORMATION | |
| fixed length control field | 251201b |||||||| |||| 00| 0 eng d |
| 040 ## - CATALOGING SOURCE | |
| Transcribing agency | DCL |
| 082 ## - DEWEY DECIMAL CLASSIFICATION NUMBER | |
| Classification number | ၂၉၄.၃၅၆ |
| 100 ## - MAIN ENTRY--PERSONAL NAME | |
| Personal name | ရွှေဟင်္သာတောရဆရာတော်။ |
| 245 10 - TITLE STATEMENT | |
| Title | ဩဝါဒရတနာသုတပဒေသာ / |
| Statement of responsibility, etc. | ရွှေဟင်္သာတောရဆရာတော်။ |
| 264 ## - PRODUCTION, PUBLICATION, DISTRIBUTION, MANUFACTURE, AND COPYRIGHT NOTICE | |
| Place of production, publication, distribution, manufacture | ရန်ကုန် ၊ |
| Name of producer, publisher, distributor, manufacturer | သာသနာရေးဦးစီး၊ |
| Date of production, publication, distribution, manufacture, or copyright notice | ၁၉၈၄။ |
| 300 ## - PHYSICAL DESCRIPTION | |
| Extent | ဠ၊ ၃၃၄ စာမျက်နှာ ၊ |
| Dimensions | ၂၀ စင်တီ။ |
| 650 ## - SUBJECT ADDED ENTRY--TOPICAL TERM | |
| Topical term or geographic name entry element | ဗုဒ္ဓဘာသာ |
| Form subdivision | ဩဝါဒ |
| 942 ## - ADDED ENTRY ELEMENTS (KOHA) | |
| Source of classification or shelving scheme | Dewey Decimal Classification |
| Koha item type | Short Term |
| Suppress in OPAC | No |
| Withdrawn status | Lost status | Source of classification or shelving scheme | Damaged status | Not for loan | Collection | Accession No. | Home library | Current library | Shelving location | Date acquired | Total checkouts | Full call number | Barcode | Date last seen | Price effective from | Koha item type |
|---|---|---|---|---|---|---|---|---|---|---|---|---|---|---|---|---|
| Dewey Decimal Classification | Myanmar Collection | ၉ | Dhammadhara | Dhammadhara | Myanmar Shelves | 01/12/2025 | ၂၉၄.၃၅၆ ဇ ၉ | MB00000009 | 01/12/2025 | 01/12/2025 | Short Term |